[Event "FIDE Women's World Teams"]
[Site "Mardin TUR"]
[Date "2011.12.19"]
[Round "2.12"]
[White "Nguyen, Thi Thanh An"]
[Black "Iordanidou, Zoi"]
[Result "1/2-1/2"]
[WhiteElo "2300"]
[BlackElo "2169"]
[Annotator "Mueller,Karsten"]
[PlyCount "107"]
[EventDate "2011.12.18"]
[EventType "tourn"]
[EventRounds "9"]
[EventCountry "TUR"]
[Source "Chess Today"]
[SourceDate "2011.12.19"]
[WhiteTeam "Vietnam"]
[BlackTeam "Greece"]
[WhiteTeamCountry "VIE"]
[BlackTeamCountry "GRE"]

1. Nf3 f5 2. d4 Nf6 3. Bf4 e6 4. e3 Be7 5. c4 d5 6. Nc3 c6 7. Bd3 O-O 8. Qc2
Ne4 9. g4 Na6 10. a3 Qa5 11. Ke2 Nxc3+ 12. bxc3 Nc7 13. gxf5 exf5 14. Rhg1 dxc4
15. Bxc4+ Be6 16. Bxe6+ Nxe6 17. Be5 Qd5 18. Qa2 b5 19. a4 Qxa2+ 20. Rxa2 a6
21. axb5 axb5 22. Rga1 Rxa2+ 23. Rxa2 Rc8 24. Ra6 Kf7 25. Ne1 g5 26. Ra7 Ke8
27. f3 Nf8 28. Nd3 Nd7 29. e4 fxe4 30. fxe4 c5 31. Bg3 cxd4 32. cxd4 Rc2+ 33.
Kd1 Rc4 34. Bf2 Rc3 35. Kd2 b4 36. d5 Nf6 37. Bd4 Ra3 38. Rxa3 bxa3 39. Nf2 Kf7
40. Kc2 h5 41. Kb3 g4 {The fork  Precise calculation can be trained well in
certain endgames. So it is your job to analyse the consequences of 42.d6:} 42.
d6 $5 {The most forcing way to draw.} (42. Ka2 {with the point} Bf8 43. d6 Ke6
44. e5 Nd7 45. Nd3 Kf5 46. Bc3 h4 47. Be1 Nxe5 48. Bxh4 Nxd3 49. Be7 $11 {
should also hold the position, but not}) (42. Bxf6 $2 Kxf6 43. Nd3 Bd6 $19)
42... Bxd6 43. e5 Bc7 44. exf6 Bxh2 45. Kxa3 (45. Nxg4 {is the alternative
approach:} hxg4 46. Kxa3 Bf4 (46... g3 47. Be5 $11) 47. Kb3 Bg5 48. Kc2 Bxf6
49. Bf2 $11 (49. Bxf6 $2 Kxf6 50. Kd3 Kg5 51. Ke3 Kh4 52. Kf2 Kh3 53. Kg1 Kg3
$19 {[%csl Gf3,Gg3,Gh3]})) 45... Bg1 46. Kb3 g3 (46... Bxf2 47. Bxf2 Kxf6 48.
Kc3 Kg5 49. Kd3 h4 50. Ke2 g3 51. Bxg3 hxg3 52. Kf3 Kh4 53. Kg2 Kg4 54. Kg1 $11
) 47. Ne4 ({Or} 47. Nh1 Bxd4 48. Nxg3 h4 49. Ne4 $11) 47... Bxd4 48. Nxg3 h4
49. Ne4 {The easiest, but} (49. Nf1 Kxf6 50. Kc4 Ke5 51. Kd3 Bb6 52. Ke2 Kf4
53. Nd2 h3 54. Nf3 Kg3 55. Nd2 {draws as well.}) 49... Bxf6 50. Kc4 h3 51. Nf2
h2 52. Kd3 (52. Nh1 $2 Ke6 53. Kd3 Kf5 54. Ke2 Kg4 55. Kf1 Kf3 56. Nf2 Be7 57.
Nh1 Bh4 $19 {Domination!}) 52... Bh4 53. Nh1 Kg6 54. Ke4 (54. Ke4 Kh5 55. Kf3
Bd8 56. Kg2 Bc7 57. Ng3+ Bxg3 58. Kh1 $11) 1/2-1/2